00522nam a2200181Ia 4500003000400000008004100004040001600045082001300061100002100074245007300095260004900168300001400217650001500231650002500246650002300271650002300294650002300317GCL140319s9999 xx 000 0 eng d aGCL / cGCL04a809bC H1 aCANAVAGGIO, JEAN10aHISTOIRE DE LA LITTERATURE ESPAGNOLE: 4 VOLUMES / cCANAVAGGIO, JEAN a[S.N] : bLIBRAIRIE ARTHEME FAYARD ، c1993 a4 VOLUMES04aLITERATURE04aLITERATURE - HISTORY04aRUSSIAN LITERATURE04aSPANISH LITERATURE04aJAPAN - LITERATURE